期刊信息 |
| 索取号 |
N55/NATURE
|
| 题名 |
Nature
|
| 作者 |
英国自然编辑部
|
| 分册号 |
|
| 分册名 |
|
| 出版地 |
U.K.
|
| 出版者 |
NATURE PUBLISHING GROUP
|
| 标准刊号 |
0028-0836
|
| 出版频率 |
周刊
|
| 中图法分类 |
N55
|
| 主题词 |
自然科学 连续出版物; 自然科学 斯刊
|
| 电子资源 | |
| |
|
| 000 | 00757nas0 2200229 45 | |
| 001 | 0638924250 | |
| 005 | 20201228085755.97 | |
| 011 | @a0028-0836@d3900.00日元(2005) | |
| 100 | @a20060227d km y0chiy0120 ea | |
| 101 | 0 | @aeng |
| 102 | @aGB | |
| 200 | 1 | @aNature@f英国自然编辑部@FYing Guo Zi Ran Bian Ji Bu |
| 207 | @aNature is published weekly on Thursday ,except the last week in December,by Nature Publishing Group. | |
| 210 | @aU.K.@cNATURE PUBLISHING GROUP | |
| 300 | @aThis Edition is Published in Japan by Nature Japan K.K. | |
| 326 | @a周刊 | |
| 606 | 0 | @a自然科学@x连续出版物 |
| 606 | 0 | @a自然科学@x斯刊 |
| 690 | @aN55@v4 | |
| 711 | 02 | @a英国自然编辑部@AYing Guo Zi Ran Bian Ji Bu |
| 801 | 0 | @aCN@bPFT@c20090709 |
| 905 | @aTJWY@dN55@eNATURE | |
| Nature/英国自然编辑部.-Nature is published weekly on Thursday ,except the last week in December,by Nature Publishing Group.-U.K.:NATURE PUBLISHING GROUP |
| This Edition is Published in Japan by Nature Japan K.K. |
| ISSN 0028-0836:3900.00日元(2005) |
| ● |
| 相关链接: |
|
|
|
|